<?xml version="1.0" encoding="UTF-8"?>
<record
    xmlns:xsi="http://www.w3.org/2001/XMLSchema-instance"
    xsi:schemaLocation="http://www.loc.gov/MARC21/slim http://www.loc.gov/standards/marcxml/schema/MARC21slim.xsd"
    xmlns="http://www.loc.gov/MARC21/slim">

  <leader>01172nam0a2200265   4500</leader>
  <controlfield tag="001">RU\NLR\BIBL_A\022542982</controlfield>
  <controlfield tag="005">20250630175815.0</controlfield>
  <datafield tag="035" ind1=" " ind2=" ">
    <subfield code="a">(NLR Aleph) 022542982</subfield>
  </datafield>
  <datafield tag="090" ind1=" " ind2=" ">
    <subfield code="a">13410263</subfield>
    <subfield code="c">13410263</subfield>
  </datafield>
  <datafield tag="100" ind1=" " ind2=" ">
    <subfield code="a">20250516a1942    |||y0rusy50      ca</subfield>
  </datafield>
  <datafield tag="101" ind1="0" ind2=" ">
    <subfield code="a">arm</subfield>
  </datafield>
  <datafield tag="102" ind1=" " ind2=" ">
    <subfield code="a">AM</subfield>
  </datafield>
  <datafield tag="105" ind1=" " ind2=" ">
    <subfield code="a">y   z   000 y</subfield>
  </datafield>
  <datafield tag="181" ind1=" " ind2="0">
    <subfield code="a">i </subfield>
    <subfield code="b">axxe  </subfield>
  </datafield>
  <datafield tag="182" ind1=" " ind2="0">
    <subfield code="a">n</subfield>
  </datafield>
  <datafield tag="200" ind1="1" ind2=" ">
    <subfield code="a">&#x54A;&#x561;&#x576;&#x580;&#x56B; &#x570;&#x565;&#x572;&#x578;&#x582;&#x56F; &#x574;&#x561;&#x56F;&#x561;&#x580;&#x564;&#x561;&#x56F; &#x57A;&#x561;&#x57F;&#x580;&#x561;&#x57D;&#x57F;&#x565;&#x56C;&#x576; &#x578;&#x582; &#x585;&#x563;&#x57F;&#x561;&#x563;&#x578;&#x580;&#x56E;&#x565;&#x56C;&#x568;</subfield>
    <subfield code="e">&#x570;&#x561;&#x57D;&#x57F;&#x561;&#x57F;&#x57E;&#x561;&#x56E; &#x567; &#x540;&#x54D;&#x54D;&#x54C; &#x540;&#x578;&#x572;&#x56A;&#x578;&#x572;&#x56F;&#x578;&#x574;&#x561;&#x57F;&#x56B; &#x56F;&#x578;&#x572;&#x574;&#x56B;&#x581;</subfield>
    <subfield code="f">&#x540;&#x54D;&#x54D;&#x54C; &#x570;&#x578;&#x572;&#x56A;&#x578;&#x572;&#x56F;&#x578;&#x574;&#x561;&#x57F; &#x57C;&#x565;&#x57D;&#x57A;&#x578;&#x582;&#x562;&#x56C;&#x56B;&#x56F;&#x561;&#x56F;&#x561;&#x576; &#x561;&#x576;&#x561;&#x57D;&#x576;&#x561;&#x57A;&#x561;&#x570;&#x561;&#x56F;&#x561;&#x576; &#x583;&#x578;&#x580;&#x571;&#x56F;&#x561;&#x575;&#x56B;&#x576; &#x585;&#x563;&#x576;&#x578;&#x582;&#x569;&#x575;&#x578;&#x582;&#x576; &#x56F;&#x578;&#x56C;&#x57F;&#x576;&#x57F;&#x565;&#x57D;&#x582;&#x569;&#x578;&#x582;&#x576;&#x576;&#x565;&#x580;&#x56B;&#x576;</subfield>
    <subfield code="g">&#x54E;.&#x554;&#x575;&#x578;&#x582;&#x580;&#x584;&#x57B;&#x575;&#x561;&#x576;</subfield>
  </datafield>
  <datafield tag="203" ind1=" " ind2=" ">
    <subfield code="a">&#x422;&#x435;&#x43A;&#x441;&#x442;</subfield>
    <subfield code="b">&#x432;&#x438;&#x437;&#x443;&#x430;&#x43B;&#x44C;&#x43D;&#x44B;&#x439;</subfield>
    <subfield code="c">&#x43D;&#x435;&#x43F;&#x43E;&#x441;&#x440;&#x435;&#x434;&#x441;&#x442;&#x432;&#x435;&#x43D;&#x43D;&#x44B;&#x439;</subfield>
  </datafield>
  <datafield tag="210" ind1=" " ind2=" ">
    <subfield code="a">&#x535;&#x580;&#x565;&#x57E;&#x561;&#x576;</subfield>
    <subfield code="c">&#x540;&#x561;&#x575;&#x57A;&#x565;&#x57F;&#x570;&#x580;&#x561;&#x57F;</subfield>
    <subfield code="d">1942</subfield>
  </datafield>
  <datafield tag="215" ind1=" " ind2=" ">
    <subfield code="a">7,[1] &#x441;.</subfield>
    <subfield code="d">21</subfield>
  </datafield>
  <datafield tag="541" ind1="1" ind2=" ">
    <subfield code="6">z01790</subfield>
    <subfield code="a">&#x41F;&#x440;&#x438;&#x433;&#x43E;&#x442;&#x43E;&#x432;&#x43B;&#x435;&#x43D;&#x438;&#x435; &#x436;&#x438;&#x434;&#x43A;&#x43E;&#x439; &#x437;&#x430;&#x43A;&#x430;&#x432;&#x43A;&#x430;&#x437;&#x438; &#x438; &#x441;&#x43E; &#x438;&#x441;&#x43F;&#x43E;&#x43B;&#x44C;&#x437;&#x43E;&#x432;&#x430;&#x43D;&#x438;&#x435; &#x432; &#x441;&#x44B;&#x440;&#x43E;&#x434;&#x435;&#x43B;&#x438;&#x438;</subfield>
    <subfield code="z">rus</subfield>
  </datafield>
  <datafield tag="700" ind1=" " ind2="1">
    <subfield code="a">&#x554;&#x575;&#x578;&#x582;&#x580;&#x584;&#x57B;&#x575;&#x561;&#x576;</subfield>
    <subfield code="b">&#x54E;.</subfield>
    <subfield code="4">070</subfield>
  </datafield>
  <datafield tag="790" ind1=" " ind2="1">
    <subfield code="6">z01541</subfield>
    <subfield code="a">&#x41A;&#x44E;&#x440;&#x43A;&#x447;&#x44F;&#x43D;</subfield>
    <subfield code="b">&#x412;.</subfield>
    <subfield code="4">070</subfield>
  </datafield>
  <datafield tag="942" ind1=" " ind2=" ">
    <subfield code="c">BOOK</subfield>
  </datafield>
  <datafield tag="980" ind1=" " ind2=" ">
    <subfield code="a">NB</subfield>
  </datafield>
  <datafield tag="995" ind1=" " ind2=" ">
    <subfield code="5">2025-05-16</subfield>
    <subfield code="b">NLR01</subfield>
    <subfield code="c">NLR01</subfield>
    <subfield code="e">ONL01</subfield>
    <subfield code="f">1-2434247</subfield>
    <subfield code="k">&#x41E;&#x41D;&#x41B; &#x410;&#x440;&#x43C;./2-8098</subfield>
    <subfield code="o">0</subfield>
    <subfield code="r">BOOK</subfield>
    <subfield code="s">_28098</subfield>
  </datafield>
</record>
